Every Saturday Night Live Guest Host Part 1(Season 1-30) - Statistics

General Stats
  • This quiz has been taken 15 times
  • The average score is 209 of 427
Answer Stats
First Season Host % Correct
Season 3 Christopher Lee
100%
Season 8 Eddie Murphy
100%
Season 29 Janet Jackson
100%
Season 11 Madonna
100%
Season 22 Pamela Anderson
100%
Season 2 Steve Martin
100%
Season 23 Sylvester Stallone
100%
Season 15 Alec Baldwin
88%
Season 25 Ben Affleck
88%
Season 6 Bill Murray
88%
Season 9 Billy Crystal
88%
Season 11 Billy Martin
88%
Season 28 Brittany Murphy
88%
Season 7 Bruce Dern
88%
Season 15 Bruce Willis
88%
Season 30 Colin Farrell
88%
Season 7 Danny DeVito
88%
Season 14 Demi Moore
88%
Season 1 Dudley Moore
88%
Season 25 Dwayne "The Rock" Johnson
88%
Season 14 Geena Davis
88%
Season 29 Halle Berry
88%
Season 10 Harry Anderson
88%
Season 27 Jack Black
88%
Season 6 Jamie Lee Curtis
88%
Season 11 Jay Leno
88%
Season 10 Jesse Jackson
88%
Season 21 Jim Carrey
88%
Season 24 Joan Allen
88%
Season 25 Joshua Jackson
88%
Season 29 Justin Timberlake
88%
Season 4 Kate Jackson
88%
Season 30 Kate Winslet
88%
Season 12 Martin Short
88%
Season 28 Matt Damon
88%
Season 17 Michael Jordan
88%
Season 10 Pamela Sue Martin
88%
Season 1 Paul Simon
88%
Season 9 Robin Williams
88%
Season 16 Roseanne Barr
88%
Season 23 Samuel L. Jackson
88%
Season 5 Strother Martin
88%
Season 14 Ted Danson
88%
Season 30 Tom Brady
88%
Season 11 Tom Hanks
88%
Season 30 Will Ferrell
88%
Season 5 Burt Reynolds
75%
Season 19 Charles Barkley
75%
Season 26 Charlie Sheen
75%
Season 3 Chevy Chase
75%
Season 22 Chris Rock
75%
Season 10 Christopher Reeve
75%
Season 26 Conan O'Brien
75%
Season 20 Courteney Cox
75%
Season 28 Dan Aykroyd
75%
Season 21 David Schwimmer
75%
Season 14 Dolly Parton
75%
Season 8 Drew Barrymore
75%
Season 29 Elijah Wood
75%
Season 20 George Clooney
75%
Season 10 Hulk Hogan
75%
Season 25 Jackie Chan
75%
Season 25 Jamie Foxx
75%
Season 25 Jennifer Aniston
75%
Season 29 Jessica Simpson
75%
Season 18 Joe Pesci
75%
Season 15 John Goodman
75%
Season 20 John Travolta
75%
Season 27 Jon Stewart
75%
Season 30 Jude Law
75%
Season 23 Julianne Moore
75%
Season 2 Karen Black
75%
Season 5 Kirk Douglas
75%
Season 14 Leslie Nielsen
75%
Season 26 Lucy Liu
75%
Season 19 Martin Lawrence
75%
Season 5 Martin Sheen
75%
Season 14 Mary Tyler Moore
75%
Season 14 Mel Gibson
75%
Season 9 Michael Douglas
75%
Season 16 Michael J. Fox
75%
Season 19 Nicole Kidman
75%
Season 3 O.J. Simpson
75%
Season 19 Patrick Stewart
75%
Season 21 Quentin Tarantino
75%
Season 26 Renee Zellweger
75%
Season 28 Robert De Niro
75%
Season 22 Robert Downey Jr.
75%
Season 23 Roma Downey
75%
Season 8 Ron Howard
75%
Season 19 Rosie O'Donnell
75%
Season 20 Sarah Jessica Parker
75%
Season 17 Sharon Stone
75%
Season 8 Stevie Wonder
75%
Season 26 Tom Green
75%
Season 26 Val Kilmer
75%
Season 15 Woody Harrelson
75%
Season 29 Andy Roddick
63%
Season 29 Ashley Olsen
63%
Season 28 Bernie Mac
63%
Season 9 Betty Thomas
63%
Season 25 Britney Spears
63%
Season 1 Candice Bergen
63%
Season 4 Carrie Fisher
63%
Season 16 Catherine O'Hara
63%
Season 26 Charlize Theron
63%
Season 8 Dave Thomas
63%
Season 20 David Duchovny
63%
Season 24 David Spade
63%
Season 9 Edwin Newman
63%
Season 27 Ellen Degeneres
63%
Season 19 Emilio Estevez
63%
Season 9 Flip Wilson
63%
Season 11 Francis Ford Coppola
63%
Season 11 George Wendt
63%
Season 19 Helen Hunt
63%
Season 27 Hugh Jackman
63%
Season 27 Ian McKellen
63%
Season 18 Jason Alexander
63%
Season 30 Jason Bateman
63%
Season 26 Jennifer Lopez
63%
Season 16 Jeremy Irons
63%
Season 11 Jerry Hall
63%
Season 9 Jerry Lewis
63%
Season 17 Jerry Seinfeld
63%
Season 2 Jodie Foster
63%
Season 12 Joe Montana
63%
Season 9 John Candy
63%
Season 13 Justine Bateman
63%
Season 26 Kate Hudson
63%
Season 10 Kathleen Turner
63%
Season 19 Kelsey Grammer
63%
Season 17 Kiefer Sutherland
63%
Season 17 Kristie Alley
63%
Season 22 Lisa Kudrow
63%
Season 18 Luke Perry
63%
Season 30 Luke Wilson
63%
Season 17 Macaulay Culkin
63%
Season 29 Mary-Kate Olsen
63%
Season 14 Matthew Broderick
63%
Season 23 Matthew Perry
63%
Season 8 Michael Keaton
63%
Season 3 Michael Palin
63%
Season 22 Mike Myers
63%
Season 18 Miranda Richardson
63%
Season 23 Nathan Lane
63%
Season 18 Nicolas Cage
63%
Season 7 Olivia Newton-John
63%
Season 1 Peter Cook
63%
Season 15 Quincy Jones
63%
Season 24 Ray Romano
63%
Season 27 Reese Witherspoon
63%
Season 3 Richard Dreyfuss
63%
Season 1 Richard Pryor
63%
Season 4 Ricky Nelson
63%
Season 19 Sally Field
63%
Season 26 Sean Hayes
63%
Season 2 Shelley Duvall
63%
Season 12 Sigourney Weaver
63%
Season 23 Steve Buscemi
63%
Season 7 Susan Saint James
63%
Season 18 Tim Robbins
63%
Season 24 Vince Vaughn
63%
Season 12 Willie Nelson
63%
Season 28 Adrien Brody
50%
Season 25 Alan Cumming
50%
Season 28 Al Gore
50%
Season 29 Al Sharpton
50%
Season 11 Angelice Huston
50%
Season 21 Anthony Edwards
50%
Season 28 Ashton Kutcher
50%
Season 5 Bea Arthur
50%
Season 24 Ben Stiller
50%
Season 24 Bill Paxton
50%
Season 27 Billy Bob Thornton
50%
Season 5 Bob Newhart
50%
Season 1 Buck Henry
50%
Season 24 Cameron Diaz
50%
Season 29 Christina Aguilera
50%
Season 15 Christopher Walken
50%
Season 29 Colin Firth
50%
Season 24 Cuba Gooding Jr.
50%
Season 20 Dana Carvey
50%
Season 7 Daniel J. Travanti
50%
Season 20 David Hyde Pierce
50%
Season 27 Derek Jeter
50%
Season 29 Donald Trump
50%
Season 25 Dylan McDermott
50%
Season 4 Frank Zappa
50%
Season 23 Garth Brooks
50%
Season 1 George Carlin
50%
Season 24 Gwyneth Paltrow
50%
Season 18 Harvey Keitel
50%
Season 25 Heather Graham
50%
Season 30 Hilary Swank
50%
Season 24 James Van Der Beek
50%
Season 15 James Woods
50%
Season 17 Jeff Daniels
50%
Season 19 Jeff Goldblum
50%
Season 8 Joan Rivers
50%
Season 11 John Lithgow
50%
Season 14 John Malkovich
50%
Season 20 John Turturro
50%
Season 26 Katie Holmes
50%
Season 14 Kevin Kline
50%
Season 22 Kevin Spacey
50%
Season 30 Liam Neeson
50%
Season 20 Marisa Tomei
50%
Season 9 Mary Palin
50%
Season 17 MC Hammer
50%
Season 29 Nick Lachey
50%
Season 11 Oprah Winfrey
50%
Season 30 Paris Hilton
50%
Season 16 Patrick Swayze
50%
Season 30 Paul Giamatti
50%
Season 3 Ray Charles
50%
Season 28 Ray Liotta
50%
Season 9 Rhea Perlman
50%
Season 8 Rick Moranis
50%
Season 10 Ringo Starr
50%
Season 1 Rob Reiner
50%
Season 5 Rodney Dangerfield
50%
Season 12 Rosanna Arquette
50%
Season 23 Rudolph Giuliani
50%
Season 23 Sarah Michelle Gellar
50%
Season 13 Sean Penn
50%
Season 19 Shannen Doherty
50%
Season 2 Sissy Spacek
50%
Season 16 Steven Seagal
50%
Season 16 Sting
50%
Season 17 Susan Dey
50%
Season 4 The Rolling Stones
50%
Season 25 Tobey Maguire
50%
Season 4 Walter Matthau
50%
Season 12 William Shatner
50%
Season 15 Andrew Dice Clay
38%
Season 3 Art Garfunkel
38%
Season 8 Beau Bridges
38%
Season 22 Bill Pullman
38%
Season 5 Bill Russell
38%
Season 20 Bob Saget
38%
Season 2 Broderick Crawford
38%
Season 23 Chris Farley
38%
Season 25 Christina Ricci
38%
Season 4 Cicely Tyson
38%
Season 23 Claire Danes
38%
Season 15 Corbin Bernsen
38%
Season 21 David Alan Grier
38%
Season 6 Deborah Harry
38%
Season 20 Deion Sanders
38%
Season 16 Delta Burke
38%
Season 12 Dennis Hopper
38%
Season 1 Desi Arnaz
38%
Season 9 Don Rickles
38%
Season 10 Ed Asner
38%
Season 10 Ed Begley, Jr.
38%
Season 8 Ed Koch
38%
Season 15 Ed O'Neill
38%
Season 1 Elliott Gould
38%
Season 2 Eric Idle
38%
Season 28 Eric McCormack
38%
Season 25 Freddie Prinze Jr.
38%
Season 21 Gabriel Byrne
38%
Season 12 Garry Shandling
38%
Season 7 George Kennedy
38%
Season 9 George McGovern
38%
Season 14 Glenn Close
38%
Season 23 Greg Kinnear
38%
Season 11 Griffin Dunne
38%
Season 19 Heather Locklear
38%
Season 19 Jason Patric
38%
Season 17 Jason Priestley
38%
Season 8 Jeff Bridges
38%
Season 1 Jill Clayburgh
38%
Season 7 John Madden
38%
Season 28 John McCain
38%
Season 7 Johnny Cash
38%
Season 23 Jon Lovitz
38%
Season 27 Josh Hartnett
38%
Season 16 Kevin Bacon
38%
Season 19 Kim Basinger
38%
Season 27 Kirsten Dunst
38%
Season 26 Lara Flynn Boyle
38%
Season 7 Lauren Hutton
38%
Season 1 Lily Tomlin
38%
Season 17 Linda Hamilton
38%
Season 29 Lindsey Lohan
38%
Season 1 Louise Lasser
38%
Season 24 Lucy Lawless
38%
Season 1 Madeline Kahn
38%
Season 4 Margot Kidder
38%
Season 3 Mary Kay Place
38%
Season 28 Matthew McConaughey
38%
Season 14 Matthew Modine
38%
Season 4 Maureen Stapleton
38%
Season 14 Melanie Griffith
38%
Season 10 Michael McKean
38%
Season 4 Milton Berle
38%
Season 10 Mr. T
38%
Season 22 Neve Campbell
38%
Season 11 Paul Reubens
38%
Season 1 Peter Boyle
38%
Season 26 Pierce Brosnan
38%
Season 28 Queen Latifah
38%
Season 8 Robert Blake
38%
Season 1 Robert Klein
38%
Season 15 Rob Lowe
38%
Season 28 Salma Hayek
38%
Season 29 Snoop Dogg
38%
Season 16 Susan Lucci
38%
Season 5 Ted Knight
38%
Season 21 Teri Hatcher
38%
Season 8 The Smothers Brothers
38%
Season 7 Tim Curry
38%
Season 17 Tom Arnold
38%
Season 14 Wayne Gretzky
38%
Season 27 Winona Ryder
38%
Season 9 Barry Bostwick
25%
Season 7 Bernadette Peters
25%
Season 7 Blythe Danner
25%
Season 23 Brendan Fraser
25%
Season 26 Calista Flockhart
25%
Season 13 Carl Weathers
25%
Season 11 Catherine Oxenberg
25%
Season 3 Charles Grodin
25%
Season 12 Charlton Heston
25%
Season 17 Christian Slater
25%
Season 18 Christina Applegate
25%
Season 13 Dabney Coleman
25%
Season 20 Damon Wayans
25%
Season 21 Danny Aiello
25%
Season 6 David Carradine
25%
Season 15 Debra Winger
25%
Season 16 Dennis Quaid
25%
Season 1 Dick Cavett
25%
Season 1 Dyan Cannon
25%
Season 7 Elizabeth Ashley
25%
Season 21 Elle Macpherson
25%
Season 6 Ellen Burstyn
25%
Season 4 Gary Busey
25%
Season 20 George Foreman
25%
Season 16 George Steinbrenner
25%
Season 11 Harry Dean Stanton
25%
Season 10 Howard Cosell
25%
Season 3 Hugh Hefner
25%
Season 2 Jack Burns
25%
Season 7 James Coburn
25%
Season 28 Jeff Gordon
25%
Season 28 Jennifer Garner
25%
Season 24 Jennifer Love Hewitt
25%
Season 16 Jimmy Smits
25%
Season 12 John Larroquette
25%
Season 30 Johnny Knoxville
25%
Season 26 Julia Stiles
25%
Season 29 Kelly Ripa
25%
Season 16 Kyle MacLachlan
25%
Season 12 Malcolm-Jamal Warner
25%
Season 6 Malcolm McDowell
25%
Season 21 Mariel Hemingway
25%
Season 29 Megan Mullally
25%
Season 26 Mena Suvari
25%
Season 2 Norman Lear
25%
Season 25 Norm Macdonald
25%
Season 21 Phil Hartman
25%
Season 2 Ralph Nader
25%
Season 1 Raquel Welch
25%
Season 4 Richard Benjamin
25%
Season 7 Robert Conrad
25%
Season 7 Robert Culp
25%
Season 15 Robert Wagner
25%
Season 1 Ron Nessen
25%
Season 11 Ron Reagan
25%
Season 10 Roy Scheider
25%
Season 2 Ruth Gordon
25%
Season 6 Sally Kellerman
25%
Season 27 Seann William Scott
25%
Season 18 Sinbad
25%
Season 21 Steve Forbes
25%
Season 11 Tony Danza
25%
Season 30 Topher Grace
25%
Season 10 Alex Karras
13%
Season 13 Angie Dickinson
13%
Season 1 Anthony Perkins
13%
Season 10 Bob Uecker
13%
Season 9 Brandon Tartikoff
13%
Season 12 Bronson Pinchot
13%
Season 6 Charlene Tilton
13%
Season 15 Chris Evert
13%
Season 21 Christine Baranski
13%
Season 7 Donald Pleasence
13%
Season 9 Father Guido Sarducci
13%
Season 2 Fran Tarkenton
13%
Season 15 Fred Savage
13%
Season 4 Fred Willard
13%
Season 5 Howard Hesseman
13%
Season 11 Jimmy Breslin
13%
Season 16 Joe Mantegna
13%
Season 27 Jonny Moseley
13%
Season 13 Judge Reinhold
13%
Season 2 Julian Bonds
13%
Season 25 Julianna Margulies
13%
Season 1 Kris Kristofferson
13%
Season 21 Laura Leighton
13%
Season 8 Louis Gossett Jr.
13%
Season 12 Mark Harmon
13%
Season 17 Mary Stuart Masterson
13%
Season 3 MIchael Sarrazin
13%
Season 3 Miskel Spillman
13%
Season 19 Nancy Kerrigan
13%
Season 28 Nia Vardalos
13%
Season 5 Paula Prentiss
13%
Season 20 Paul Reiser
13%
Season 12 Paul Shaffer
13%
Season 6 Ray Sharkey
13%
Season 8 Robert Guillaume
13%
Season 6 Robert Hays
13%
Season 13 Robert Mitchum
13%
Season 7 Robert Urich
13%
Season 17 Rob Morrow
13%
Season 12 Sam Kinison
13%
Season 19 Sara Gilbert
13%
Season 23 Scott Wolf
13%
Season 8 Sid Caesar
13%
Season 12 Steve Guttenberg
13%
Season 5 Teri Garr
13%
Season 12 Valerie Bertinelli
13%
Season 12 Walter Payton
13%
No matching quizzes found
Score Distribution
Percent of People with Each Score
Percentile by Number Answered
Your Score History
You have not taken this quiz